banner koha

História da Ciência: a ciência moderna / (Registro n. 7991)

MARC details
000 -LÍDER
campo de controle de tamanho fixo 01756nam a2200241 a 4500
001 - NÚMERO DE CONTROLE
campo de controle BS0002930
003 - IDENTIFICADOR DO NÚMERO DE CONTROLE
campo de controle BR-BrBNA
005 - DATA E HORÁRIO DA ÚLTIMA TRANSAÇÃO
campo de controle 20230824161538.0
008 - CAMPO DE DADOS FIXOS--INFORMAÇÃO GERAL
campo de controle de tamanho fixo 230308b |||||||| |||| 00| 0 por d
040 ## - FONTE DA CATALOGAÇÃO
Instituição da catalogação original BR-BrBNA
Idioma da catalogação por
Instituição que transcreveu o registro Biblioteca Nacional de Agricultura
041 ## - CÓDIGO DE IDIOMA
Código do idioma do texto/trilha sonora ou título diferente por
072 ## - CÓDIGO DE CATEGORIA DE ASSUNTO
Código de Categoria de Assunto S03
090 ## - NÚMERO DE CHAMADA LOCAL
Número de chamada S03 BS0002930
100 1# - ENTRADA PRINCIPAL--NOME PESSOAL
Nome pessoal Rosa, Carlos Augusto de Proença.
245 1# - TÍTULO
Título História da Ciência: a ciência moderna /
250 1# - EDIÇÃO
Edição 2. ed.
260 3# - PUBLICAÇÃO, DISTRIBUIÇÃO, ETC.
Local de publicação, distribuição, etc. Brasília, DF:
Nome do editor, distribuidor, etc. Fundação Alexandre Gusmão.,
Data da publicação, distribuição, etc. 2012.
300 ## - DESCRIÇÃO FÍSICA
Extensão 403 p.
520 3# - NOTA DE RESUMO, ETC
Resumo, etc. O advento e os avanços da Ciência Moderna do início do século XVII ao final do XIX estão tratados em dois tornos. Neste tomo 1 (século XVII e XVIII)merece especial referência o capítulo sobre as bases da Ciência Moderna, em especial a formulação da metodologia (Bacon, Galileu, Descartes e Newton)científica, indispensável fundamento para o surgimento do pensamento científico, o qual será o responsável pelo desenvolvimento da Ciência em bases firmes. O autor insiste em várias passagens sobre essa íntima relação da evolução do pensamento científico e o avanço das pesquisas nos diversos ramos da Ciência. Nesses dois séculos, a Matemática (Logaritmo, Cálculo, Geometria Analítica), a Astronomia (Mecânica Celeste, Sistema Solar), a Física (Mecânica, óptica, Eletricidade)e a Química (Nomenclatura, Conservação da matéria, Leis)se firmariam como ramos estruturados da Ciência, enquanto a História Natural (Biologia Humana, Circulação sanguínea, Fisiologia)expandiria a área de pesquisa, iniciando o processo de desmistificação de várias teorias sem sustentação científica.
650 ## - ASSUNTO--TERMO TÓPICO
Cabeçalho tópico ou nome geográfico CIÊNCIAS
650 ## - ASSUNTO--TERMO TÓPICO
Cabeçalho tópico ou nome geográfico HISTÓRIA
942 ## - ELEMENTOS DE ENTRADA ADICIONADOS (KOHA)
Tipo de material Koha Livros
Fonte da classificação ou esquema de arquivamento na estante Classificação AGRIS
Exemplares
Situação do descarte Fonte da classificação ou esquema de arquivamento na estante Situação física Não pode ser emprestado Coleção Biblioteca de origem Biblioteca atual Total de empréstimos Número de telefone completo Código de barras Data de último acesso Número do exemplar Tipo de material Koha Situação das perdas Data de aquisição Fonte de aquisição Qualificador de local codificado
  Classificação AGRIS     Acervo Cultural Biblioteca Nacional de Agricultura - Binagri Biblioteca Nacional de Agricultura - Binagri   S03 BS0002930 S03 BS0002930 12/04/2023 01 Livros   2023-04-04 Doação S03

BINAGRI

Telefone: (61)3218-2567/2388/3357/2097 - binagri@agro.gov.br

Ministério da Agricultura e Pecuária , Esplanada dos Ministérios, Bloco D, Anexo B, Brasília/DF, CEP: 70.043-900